00330pab a2200121 454500008004000000100002100040245005600061260000900117300001000126362000900136650002600145773003700171180718b1985 xxu||||| |||| 00| 0 eng d aWallace, John B. aFostering management growth in developing countries c1985 a67-73 aJan. aTraining - Executives aTraining and Development Journal